000 00489nam a2200157 i 4500
001 bg
100 1 _aBENSER, Erich
245 0 _aKleine Werkkstoffkunde :
_bStahl und Eisengusslegierungen.
_nBd. 1,
_pWerkstoffaufbau, Stahl-Standariesierung, Wärmebehandlung, KAltverformung und Rekristallistation /
_cE. Benser.
250 _a13 Aufl.
260 _aLeipzig,
_c1961.
040 _cBPK
041 _apol
080 _a621.7:669.1
942 _cKS
008 s pl f |000 0 pol
999 _c8747
_d8747
856 _uhttp://koha.tu.koszalin.pl/cgi-bin/koha/opac-detail.pl?biblionumber=8747
_yKatalog online BPK